000
00248nam a2200097Ia 4500
001
932859
005
20250826214934.0
008
250824s9999 xx 000 0 und d
245
0
_a
FATİH SULTAN MEHMET
_c
YAVUZ BAHADIROĞLU
260
_b
PANAMA YAYINLARI
999
_c
932859
_d
932859